Challenges for a viable decentralization process in rural Burkina Faso
Salvato in:
| Natura: | Libro |
|---|---|
| Pubblicazione: |
Amsterdam :
Royal Tropical Institute,
c2003
|
| Soggetti: | |
| Tags: |
Aggiungi Tag
Nessun Tag, puoi essere il primo ad aggiungerne!!
|
MARC
| LEADER | 00000nam a2200000 4500 | ||
|---|---|---|---|
| 020 | |a 9068328433 |c TZS 1500 | ||
| 040 | |a MUL |b eng |e AACR | ||
| 082 | |a 333.706625 CHA | ||
| 245 | |a Challenges for a viable decentralization process in rural Burkina Faso |c / Alain S. Bagre {et al.], edited by Thea Hilhorst and Gerald Baltissen | ||
| 260 | |a Amsterdam : |b Royal Tropical Institute, |c c2003 | ||
| 300 | |a [ix], 64 p. : |b ill. ; |c 22 cm | ||
| 504 | |a Includes bibliographical references | ||
| 546 | |a eng | ||
| 650 | |a Decentralization | ||
| 942 | |c BK | ||
| 999 | |c 8479 |d 8479 | ||